000 00591nam a2200193 a 4500
008
020 _a033517082X (pbk. )
049 _aMAIN
090 _aTA357 OPE
110 _aThe Open University.
245 1 0 _a15 power stations :
_bvapour power cycles, gas turbine cycles /
_cprepared by the Course Team.
260 _aMilton Keynes :
_bThe Open University Press,
_c1982.
300 _a48 p. :
_bill. ;
_c30 cm.
907 _a.b10232059
_b15-02-07
_c15-02-07
003
005 20230123134359.0
040 _cNUST
942 _cBOOKS
_kTA357 OPE
999 _c164915
_d164915